00393nam a2200133Ia 4500008004100000041000800041082001900049100001500068245011000083260002700193300000800220365001600228700001500244230718s9999 xx 000 0 und d aeng a621.382'2bPRA aPradhan M. aDigital Signals bApplication in Digital Speech Processing Digital Image Processing Consumer Electronics bJaico Publishing House a286 cRs.b350.00 aPradhan M.